Otra mirada sobre la p̌oca (Record no. 245)

MARC details
000 -LEADER
campo de control de longitud fija 00428 a2200133 4500
020 ## - NÚMERO INTERNACIONAL ESTÁNDAR DEL LIBRO
Número Internacional Estándar del Libro 8492017708
082 ## - NÚMERO DE LA CLASIFICACIÓN DECIMAL DEWEY
Número de clasificación 720
Número de ítem OT88o
100 ## - ENTRADA PRINCIPAL--NOMBRE DE PERSONA
Nombre de persona Esposito, Roberto
9 (RLIN) 1137
245 ## - MENCIÓN DEL TÍTULO
Título Otra mirada sobre la p̌oca
Mención de responsabilidad, etc. Francisco Jarauta (ed.)
260 ## - PUBLICACIÓN, DISTRIBUCIÓN, ETC.
Lugar de publicación, distribución, etc. Murcia:
Nombre del editor, distribuidor, etc. Colegio Oficial de Aparejadores y Arquitectos Tčnicos
Fecha de publicación, distribución, etc. 1994
300 ## - DESCRIPCIÓN FÍSICA
Extensión 291 p.
Dimensiones 19 cm
440 ## - MENCIÓN DE SERIE/PUNTO DE ACCESO ADICIONAL--TÍTULO
Título Coleccin̤ de Arquitectura
Número de parte o sección de la obra 29
9 (RLIN) 4115
650 ## - PUNTO DE ACCESO ADICIONAL DE MATERIA--TÉRMINO DE MATERIA
Término de materia o nombre geográfico como elemento de entrada Arquitectura
Subdivisión general Ensayos
9 (RLIN) 1138
Holdings
Estatus retirado Estado de pérdida Fuente del sistema de clasificación o colocación Estado de daño No para préstamo Biblioteca de origen Biblioteca actual Ubicación en estantería Fecha de adquisición Total de préstamos Signatura topográfica completa Código de barras Visto por última vez Precio de reemplazo Tipo de ítem Koha
    Clasificación Decimal Dewey     Biblioteca LadoV Biblioteca LadoV   23/06/2014   720 OT88o 000274 23/06/2014 23/06/2014 Material 01